000 00762nam a2200241Ia 4500
003 OSt
005 20220923220816.0
006 a|||||r|||| 00| 0
007 ta
008 220922b |||||||| |||| 00| 0 hin d
024 _a190,695
037 _cTextual
040 _aARTS
_cARTS
_bhin
041 _2hin
_ahin
082 _aR6,3, 152M5-;5
100 _aपाठक, सच्चिदानन्द
245 0 _aभारतीय दर्शन में जगत
246 _aBhāratīya darshan mean jagata
260 _aलखनऊ
_b सुलभ प्रकाशन
_c1984
300 _a390पृ.
_ccm.
942 _hR6,3, 152M5-;5
_cTEXL
_2CC
999 _c343467
_d343467